[Event "Tbilisi Municipality Cup"]
[Site "?"]
[Date "2009.06.16"]
[Round "2.32"]
[White "Melashvili Nino"]
[Black "Paichadze Luka"]
[Result "0-1"]
[WhiteElo "2100"]
[BlackElo "2410"]
[PlyCount "88"]
[EventDate "2009.??.??"]

1. f4 e5 2. fxe5 d6 3. Nf3 dxe5 4. e4 Nc6 5. Bb5 Bc5 6. c3 Bg4 7. Qa4 Qf6 8. d4
Bxf3 9. O-O Bb6 10. Rxf3 Qd6 11. Be3 O-O-O 12. Bxc6 Qxc6 13. Qxc6 bxc6 14. Rxf7
exd4 15. cxd4 Nf6 16. h3 Nxe4 17. Nc3 Nd6 18. Rf3 Nc4 19. Na4 Nxe3 20. Nxb6+
cxb6 21. Rxe3 Rxd4 22. Re7 Rd7 23. Rxd7 Kxd7 24. Kf2 c5 25. Ke3 Re8+ 26. Kd3
Kc6 27. Rf1 Re7 28. a4 Kb7 29. b3 Ka6 30. Rf3 Ka5 31. Kc3 a6 32. Kc4 Re4+ 33.
Kd5 Rd4+ 34. Kc6 Rh4 35. g4 Rh6+ 36. Kd5 Kb4 37. g5 Rh5 38. Rg3 h6 39. Kc6 Rxg5
40. Rxg5 hxg5 41. Kxb6 a5 42. Kc6 Kxb3 43. Kxc5 Kxa4 44. Kc4 Ka3 0-1

[Event "Tbilisi Municipality Cup"]
[Site "?"]
[Date "2009.06.16"]
[Round "2.33"]
[White "Shalamberidze Akaki"]
[Black "Paatsia Zviad"]
[Result "1-0"]
[WhiteElo "2381"]
[BlackElo "2145"]
[PlyCount "57"]
[EventDate "2009.??.??"]

1. d4 d5 2. c4 e6 3. Nc3 Nf6 4. Bg5 Bb4 5. e3 O-O 6. cxd5 exd5 7. Bd3 c5 8.
Nge2 cxd4 9. Nxd4 Bxc3+ 10. bxc3 Nbd7 11. O-O Ne5 12. Bc2 Ng6 13. Qf3 Be6 14.
Bb3 Rc8 15. Bxf6 gxf6 16. Nxe6 fxe6 17. e4 Ne5 18. Qe3 Qd6 19. exd5 exd5 20.
Rad1 Rc5 21. Rxd5 Rxd5 22. Rd1 Kh8 23. Rxd5 Qc7 24. Qh6 Ng6 25. Qd2 Rc8 26. g3
Ne5 27. Kg2 Qxc3 28. Rd8+ Kg7 29. Rg8+ 1-0

[Event "Tbilisi Municipality Cup"]
[Site "?"]
[Date "2009.06.16"]
[Round "2.34"]
[White "Gugulashvili Tamaz"]
[Black "Zarkua Davit"]
[Result "1-0"]
[WhiteElo "2087"]
[BlackElo "2366"]
[PlyCount "43"]
[EventDate "2009.??.??"]

1. c4 e6 2. Nc3 Nf6 3. e4 c5 4. e5 Ng8 5. Nf3 Nc6 6. d4 cxd4 7. Nxd4 Nxe5 8.
Ndb5 d6 9. c5 dxc5 10. Bf4 f6 11. Bxe5 fxe5 12. Qh5+ Ke7 13. Qxe5 Bd7 14. O-O-O
Nf6 15. Nc7 Rc8 16. Nxe6 Qb6 17. Ng5+ Be6 18. Bc4 Rc6 19. Nxe6 Rxe6 20. Bxe6
Qxe6 21. Qc7+ Nd7 22. Rhe1 1-0

[Event "Tbilisi Municipality Cup"]
[Site "?"]
[Date "2009.06.16"]
[Round "2.36"]
[White "Kvaratskhelia Dimitri"]
[Black "Gvetadze Sopio"]
[Result "0-1"]
[WhiteElo "2068"]
[BlackElo "2364"]
[PlyCount "134"]
[EventDate "2009.??.??"]

1. d4 Nf6 2. c4 e6 3. Nf3 d5 4. cxd5 exd5 5. Nc3 Bb4 6. Qa4+ Nc6 7. Ne5 Bd7 8.
Nxc6 Bxc3+ 9. bxc3 Bxc6 10. Qc2 O-O 11. Bg5 Qd6 12. e3 Ne4 13. Bf4 Qa3 14. Qb3
Qe7 15. Bd3 b5 16. Qb4 Qd7 17. Bxe4 dxe4 18. Qa5 Bd5 19. Qxc7 Qxc7 20. Bxc7
Rfc8 21. Ba5 Rc4 22. a3 Ra4 23. Bb4 a5 24. Bc5 b4 25. Kd2 b3 26. Kc1 Rc4 27.
Kb2 a4 28. Rhf1 Rd8 29. f3 Bb7 30. Rf2 f5 31. Raf1 h5 32. h3 Kh7 33. Rg1 Re8
34. f4 Bc8 35. g4 fxg4 36. hxg4 Bxg4 37. f5 Rd8 38. f6 gxf6 39. Rxf6 Rd5 40.
Rg2 Rf5 41. Rb6 Rf3 42. Rb4 Rxb4 43. axb4 Rxe3 44. b5 Rd3 45. b6 Bc8 46. c4 e3
47. Bb4 Rxd4 48. Bc3 Rg4 49. Re2 Re4 50. c5 Bb7 51. Ka3 h4 52. Bb2 h3 53. Bc3
Kg6 54. Rh2 Rc4 55. Kb2 Rxc5 56. Be1 Rh5 57. Ka3 Bc6 58. Bg3 Rc5 59. Rxh3 Rc2
60. Be5 e2 61. Re3 Ra2+ 62. Kb4 b2 63. Bxb2 Rxb2+ 64. Kc5 a3 65. Kxc6 a2 66.
Rg3+ Kf5 67. Rg1 Rb1 0-1

[Event "Tbilisi Municipality Cup"]
[Site "?"]
[Date "2009.06.16"]
[Round "2.37"]
[White "Charkhalashvili Inga"]
[Black "Bokuchava Madona"]
[Result "1-0"]
[WhiteElo "2363"]
[BlackElo "2120"]
[PlyCount "79"]
[EventDate "2009.??.??"]

1. d4 Nf6 2. Nf3 e6 3. c4 b6 4. g3 Ba6 5. b3 Bb4+ 6. Bd2 Be7 7. Bg2 c6 8. Bc3
d5 9. Nbd2 Nbd7 10. O-O O-O 11. Bb2 c5 12. cxd5 Nxd5 13. Nc4 cxd4 14. Nxd4 Rc8
15. Rc1 Nc5 16. a3 Bg5 17. e3 Na4 18. Ba1 b5 19. Ne5 b4 20. Rxc8 Qxc8 21. bxa4
Bxf1 22. Bxf1 bxa3 23. Nc4 Be7 24. Nb5 Rd8 25. Qc2 Nb6 26. Nxa7 Qb7 27. Nxb6
Qxa7 28. Nc8 Qc5 29. Nxe7+ Qxe7 30. a5 Qb4 31. a6 h6 32. Qc7 Qf8 33. a7 Rc8 34.
Qa5 f6 35. Bc3 e5 36. Bb4 Qe8 37. Bxa3 Qc6 38. Qa6 Qxa6 39. Bxa6 Ra8 40. Bc5
1-0

[Event "Tbilisi Municipality Cup"]
[Site "?"]
[Date "2009.06.16"]
[Round "2.38"]
[White "Samniashvili Davit"]
[Black "Lomsadze Davit"]
[Result "0-1"]
[WhiteElo "1899"]
[BlackElo "2342"]
[PlyCount "129"]
[EventDate "2009.??.??"]

1. e4 e5 2. Nf3 Nc6 3. Bc4 g6 4. Nc3 Bg7 5. d3 d6 6. h3 Nf6 7. Bg5 h6 8. Bh4 g5
9. Bg3 Na5 10. Bb3 Nxb3 11. axb3 Nh5 12. Qd2 c6 13. d4 Qe7 14. d5 c5 15. Nb5 b6
16. b4 O-O 17. bxc5 bxc5 18. Qa5 f5 19. exf5 Bxf5 20. O-O-O Qf6 21. Nd2 a6 22.
Nc3 Qg6 23. Qa4 Rab8 24. Rhe1 Rb4 25. Qxa6 Bxc2 26. Nc4 Bb3 27. Ne3 Nf4 28. Rd2
Rfb8 29. Bxf4 exf4 30. Ned1 Bxd1 31. Nxd1 c4 32. Re6 Qf5 33. Rc2 Qxd5 34. Qxd6
Qxd6 35. Rxd6 Ra8 36. Rc6 Ra1+ 37. Kd2 Rb8 38. Rd6 Bf8 39. Rd4 Bg7 40. Rd7 Ra4
41. Rc7 Rd8+ 42. Ke2 Ra1 43. Nc3 Rg1 44. Rxc4 Rxg2 45. Ne4 Rh2 46. Rc8 Rxc8 47.
Rxc8+ Kh7 48. b4 Rxh3 49. b5 Rb3 50. Rb8 f3+ 51. Kd2 Be5 52. Rb7+ Kg6 53. Nc5
Bf4+ 54. Kc2 Ra3 55. Kb2 Ra8 56. b6 Be5+ 57. Kb3 Rb8 58. Rxb8 Bxb8 59. Kc3 g4
60. Kd3 h5 61. Ne4 h4 62. Nd2 h3 63. Nf1 h2 64. Nxh2 Bxh2 65. Ke4 0-1

[Event "Tbilisi Municipality Cup"]
[Site "?"]
[Date "2009.06.16"]
[Round "2.39"]
[White "Gelazonia Parmen"]
[Black "Sakhvadze Georgy"]
[Result "1-0"]
[WhiteElo "2328"]
[BlackElo "2106"]
[PlyCount "83"]
[EventDate "2009.??.??"]

1. e4 c5 2. Nf3 d6 3. d4 cxd4 4. Nxd4 Nf6 5. f3 Nc6 6. c4 Nxd4 7. Qxd4 g6 8.
Be3 Bg7 9. Nc3 O-O 10. Qd2 Be6 11. Be2 Rc8 12. b3 Qa5 13. Rc1 Nd7 14. Nd5 Qxd2+
15. Kxd2 Bxd5 16. cxd5 Bb2 17. Rxc8 Rxc8 18. Bb5 Nf6 19. Rb1 Be5 20. g3 a6 21.
Bf1 Bc3+ 22. Kd3 Bb4 23. Bd4 Kf8 24. Bh3 Rc7 25. a3 Bxa3 26. Bb6 Rc5 27. Bxc5
dxc5 28. Bc8 a5 29. Bxb7 Nd7 30. f4 Nb6 31. Bc6 f6 32. e5 Kf7 33. Re1 Bb4 34.
Re2 f5 35. e6+ Kf6 36. d6 c4+ 37. bxc4 Bxd6 38. Kd4 Bb4 39. c5 Nc8 40. Bd7 Na7
41. Kd5 g5 42. Kc4 1-0

[Event "Tbilisi Municipality Cup"]
[Site "?"]
[Date "2009.06.16"]
[Round "2.40"]
[White "Kosashvili Otar"]
[Black "Purtseladze Maka"]
[Result "0-1"]
[WhiteElo "1790"]
[BlackElo "2327"]
[PlyCount "60"]
[EventDate "2009.??.??"]

1. e4 c6 2. d4 d5 3. Nd2 dxe4 4. Nxe4 Bf5 5. Ng3 Bg6 6. Nf3 Nd7 7. h4 h6 8. Bd3
Bxd3 9. Qxd3 e6 10. Bf4 Qa5+ 11. Bd2 Qc7 12. Ne4 Ngf6 13. c4 O-O-O 14. O-O-O c5
15. Be3 cxd4 16. Nxf6 Nc5 17. Qc2 dxe3 18. Ng4 exf2 19. Rxd8+ Qxd8 20. Nxf2 Qc7
21. b4 Nd7 22. a3 Ne5 23. Nxe5 Qxe5 24. Kb1 Be7 25. Ne4 f5 26. Nd2 Bf6 27. Nb3
Rd8 28. Rf1 Rd3 29. Rf2 Rxb3+ 30. Qxb3 Qe1+ 0-1

[Event "Tbilisi Municipality Cup"]
[Site "?"]
[Date "2009.06.16"]
[Round "2.41"]
[White "Guramishvili Sopiko"]
[Black "Sirbiladze Sulkhan"]
[Result "1-0"]
[WhiteElo "2325"]
[BlackElo "2098"]
[PlyCount "93"]
[EventDate "2009.??.??"]

1. Nf3 Nf6 2. c4 c5 3. Nc3 Nc6 4. d4 cxd4 5. Nxd4 g6 6. e4 d6 7. Be2 Bg7 8. Be3
O-O 9. O-O Bd7 10. h3 Rc8 11. Qd2 a6 12. Rac1 Re8 13. Rfd1 Nxd4 14. Bxd4 Bc6
15. Qe3 Nd7 16. Bxg7 Kxg7 17. Bg4 Qa5 18. a3 h5 19. Bxd7 Bxd7 20. Nd5 Qc5 21.
Qg5 f6 22. Qg3 Kf7 23. b4 Qc6 24. Qe3 Be6 25. Nb6 Rcd8 26. f4 Kg7 27. Rf1 f5
28. Nd5 fxe4 29. Qxe4 Bf5 30. Qf3 h4 31. Qf2 b5 32. Qxh4 bxc4 33. Nxe7 Qe4 34.
Nxf5+ gxf5 35. Rce1 Qd4+ 36. Kh2 Qf6 37. Qh5 Rxe1 38. Rxe1 c3 39. Re3 c2 40.
Rg3+ Kf8 41. Qh7 Qf7 42. Qh8+ Ke7 43. Qc3 Rg8 44. Qc7+ Ke6 45. Re3+ Kf6 46.
Qxd6+ Kg7 47. Rc3 1-0

[Event "Tbilisi Municipality Cup"]
[Site "?"]
[Date "2009.06.16"]
[Round "2.42"]
[White "Mgeladze Tamaz"]
[Black "Tqebuchava Gocha"]
[Result "1-0"]
[WhiteElo "2303"]
[BlackElo "2318"]
[PlyCount "61"]
[EventDate "2009.??.??"]

1. c4 d6 2. g3 e5 3. Bg2 g6 4. Nc3 Bg7 5. Nf3 f5 6. d3 Nf6 7. O-O O-O 8. Rb1 a5
9. a3 Nc6 10. b4 h6 11. b5 Ne7 12. c5 Be6 13. b6 c6 14. Bb2 Nfd5 15. Na4 f4 16.
cxd6 Qxd6 17. Nd2 Nf6 18. Nc4 Bxc4 19. dxc4 Qxd1 20. Rfxd1 fxg3 21. hxg3 e4 22.
Nc5 e3 23. fxe3 Nf5 24. Nxb7 Nxe3 25. Bxc6 Nxd1 26. Rxd1 Ng4 27. Bxg7 Kxg7 28.
Nc5 Ne3 29. Ne6+ Kf6 30. Nxf8 Rxf8 31. Rd3 1-0

[Event "Tbilisi Municipality Cup"]
[Site "?"]
[Date "2009.06.16"]
[Round "2.43"]
[White "Kenani Dariush"]
[Black "Mamedjarova Zeinab"]
[Result "0-1"]
[WhiteElo "2069"]
[BlackElo "2316"]
[PlyCount "89"]
[EventDate "2009.??.??"]

1. e4 e5 2. f4 exf4 3. Nc3 Qh4+ 4. Ke2 Qh5+ 5. Nf3 g5 6. d4 c6 7. g4 Qg6 8. h4
f6 9. h5 Qg7 10. Kf2 Nh6 11. Nh2 Bb4 12. Be2 O-O 13. Qd3 Kh8 14. a3 Ba5 15. b4
Bc7 16. Bf3 a5 17. Bb2 Qe7 18. b5 a4 19. Rhe1 d6 20. Kg2 Ba5 21. Re2 Be6 22.
Rd1 Nd7 23. Nxa4 cxb5 24. Qxb5 Rfc8 25. d5 Bf7 26. c4 Ne5 27. Bxe5 fxe5 28. Nb6
Bxb6 29. Qxb6 Rxc4 30. Rb1 Rc7 31. Qb4 Be8 32. Reb2 b5 33. Be2 Ra4 34. Qb3 Rxe4
35. Bxb5 Re3 36. Qa4 Ra7 37. Qc4 Rg3+ 38. Kf1 Rc7 39. Qa4 Bxb5+ 40. Rxb5 Nxg4
41. Rb8+ Kg7 42. Nxg4 Rxg4 43. Qa8 Rg3 44. Re8 Qd7 45. Re6 0-1

[Event "Tbilisi Municipality Cup"]
[Site "?"]
[Date "2009.06.16"]
[Round "2.44"]
[White "Nuri Murad"]
[Black "Batsiahvili Nino"]
[Result "1/2-1/2"]
[WhiteElo "1808"]
[BlackElo "2300"]
[PlyCount "79"]
[EventDate "2009.??.??"]

1. Nf3 c5 2. g3 g6 3. Bg2 Bg7 4. O-O Nc6 5. e4 e5 6. d3 Nge7 7. c3 O-O 8. Be3
d6 9. a4 h6 10. d4 cxd4 11. cxd4 Kh7 12. Qd3 f5 13. dxe5 dxe5 14. Qxd8 Rxd8 15.
Nc3 Nd4 16. Rad1 Be6 17. Bxd4 exd4 18. Nb5 Bb3 19. Ra1 a6 20. Nd2 Bg8 21. Na3
d3 22. Rab1 Rac8 23. exf5 Nxf5 24. Bxb7 Rc2 25. Rfd1 Bxb2 26. Nac4 Bxc4 27.
Nxc4 Rxc4 28. Rxb2 Rxa4 29. Rbd2 Ra3 30. Be4 a5 31. Bxd3 Kg7 32. Bxf5 Rxd2 33.
Rxd2 gxf5 34. Rd6 a4 35. Ra6 Ra2 36. h4 h5 37. Kg2 a3 38. Kf3 Kf7 39. Ke3 Ke7
40. f3 1/2-1/2

[Event "Tbilisi Municipality Cup"]
[Site "?"]
[Date "2009.06.16"]
[Round "2.45"]
[White "Chkuaseli Revaz"]
[Black "Javakhadze Zurab"]
[Result "0-1"]
[WhiteElo "1788"]
[BlackElo "2288"]
[PlyCount "112"]
[EventDate "2009.??.??"]

1. e4 g6 2. d4 Bg7 3. Nc3 d6 4. Nf3 Nf6 5. Bf4 c6 6. h3 O-O 7. Be2 b5 8. a3
Nbd7 9. e5 Ne8 10. O-O a6 11. exd6 Nxd6 12. Ne5 Bb7 13. Bf3 Nxe5 14. Bxe5 Bxe5
15. dxe5 Nc4 16. e6 f5 17. Qe2 Qd2 18. Rad1 Qxe2 19. Bxe2 Nd6 20. Bf3 Rfd8 21.
b3 Kg7 22. Rfe1 Kf6 23. Ne2 g5 24. g4 h6 25. Ng3 fxg4 26. hxg4 Kg6 27. Nh5 c5
28. Bxb7 Nxb7 29. Rd7 Rxd7 30. exd7 Kf7 31. Ng3 e6 32. f4 gxf4 33. Nh5 Rg8 34.
Kf2 Rxg4 35. Kf3 Rg6 36. Rd1 Ke7 37. Nxf4 Rf6 38. Ke4 Nd8 39. Nd3 Rf5 40. Ne5
Rg5 41. Rh1 h5 42. Kf4 Kf6 43. Nf3 Rd5 44. Ke4 Nf7 45. c4 bxc4 46. bxc4 Nd6+
47. Kf4 Rf5+ 48. Kg3 Ke7 49. Nh4 Rg5+ 50. Kf4 Rg4+ 51. Kf3 Kxd7 52. Ng2 Rxc4
53. Rxh5 Nf5 54. Rh7+ Kd6 55. Rb7 Ra4 56. Rb6+ Ke5 0-1

[Event "Tbilisi Municipality Cup"]
[Site "?"]
[Date "2009.06.16"]
[Round "2.46"]
[White "Macharashvili Tekla"]
[Black "Gassanov  Assif"]
[Result "0-1"]
[WhiteElo "1786"]
[BlackElo "2281"]
[PlyCount "76"]
[EventDate "2009.??.??"]

1. e4 c5 2. d3 Nc6 3. f4 d6 4. Nf3 g6 5. c3 Bg7 6. g3 Nf6 7. Bg2 O-O 8. O-O Rb8
9. h3 b5 10. g4 b4 11. Qe1 bxc3 12. bxc3 Ba6 13. Qd1 Qa5 14. Nh2 Rb6 15. Be3
Qb5 16. c4 Qb2 17. Nd2 Qc3 18. e5 Qxd3 19. Rf3 Nd4 20. exf6 Nxf3+ 21. Qxf3 Bxf6
22. Rd1 Bd4 23. Ndf1 Qxc4 24. Bxd4 cxd4 25. Qd5 d3 26. Qxc4 Bxc4 27. a3 Rfb8
28. Kf2 Rb2+ 29. Rd2 R8b3 30. Bc6 Bb5 31. Bxb5 Rxb5 32. Ke3 R2b3 33. Ra2 d2+
34. Kxd2 Rxh3 35. g5 h5 36. gxh6 Rxh6 37. Ng4 Rh4 38. Nfe3 f5 0-1

[Event "Tbilisi Municipality Cup"]
[Site "?"]
[Date "2009.06.16"]
[Round "2.49"]
[White "Hajiyev Kanan"]
[Black "Arutinian David"]
[Result "0-1"]
[WhiteElo "1960"]
[BlackElo "2549"]
[PlyCount "67"]
[EventDate "2009.??.??"]

1. d4 g6 2. c4 Bg7 3. Nc3 d6 4. Nf3 Bg4 5. g3 Bxf3 6. exf3 e6 7. Bg2 Ne7 8. f4
c6 9. O-O d5 10. c5 b6 11. Qa4 Nd7 12. Be3 O-O 13. Rac1 Nf5 14. Rfd1 bxc5 15.
dxc5 Qc7 16. g4 Nxe3 17. fxe3 Nxc5 18. Nxd5 cxd5 19. Qa3 Rfc8 20. b4 Bf8 21.
bxc5 Bxc5 22. Qd3 Qb6 23. Rc3 Bxe3+ 24. Kh1 Rxc3 25. Qxc3 Bxf4 26. Rf1 Bc7 27.
Qf6 Rf8 28. Bf3 Qe3 29. Bg2 Qh6 30. h3 Qe3 31. Rf3 Qe1+ 32. Bf1 Be5 33. Qg5 Bb8
34. Qh4 0-1

[Event "Tbilisi Municipality Cup"]
[Site "?"]
[Date "2009.06.18"]
[Round "4.1"]
[White "Pashikian Arman"]
[Black "Dzagnidze Nana"]
[Result "1-0"]
[WhiteElo "2655"]
[BlackElo "2541"]
[PlyCount "67"]
[EventDate "2009.??.??"]

1. d4 Nf6 2. c4 e6 3. g3 d5 4. Nf3 Bb4+ 5. Bd2 a5 6. Bg2 O-O 7. O-O Ne4 8. Bf4
Bd6 9. Bxd6 Nxd6 10. Nbd2 b6 11. Rc1 c6 12. Qc2 Na6 13. a3 c5 14. dxc5 bxc5 15.
cxd5 exd5 16. e4 dxe4 17. Nxe4 Bf5 18. Nfd2 Re8 19. Qa4 Nxe4 20. Nxe4 Bxe4 21.
Bxe4 Rb8 22. Rfe1 g6 23. Qc4 Rxb2 24. Qxa6 Qd4 25. Re3 Rxf2 26. Kxf2 Qd2+ 27.
Qe2 Qxc1 28. Qc2 Qa1 29. Qxc5 Qb2+ 30. Re2 Qf6+ 31. Kg2 Qa6 32. Rd2 Qf6 33.
Qxa5 Kg7 34. Qb4 1-0

[Event "Tbilisi Municipality Cup"]
[Site "?"]
[Date "2009.06.18"]
[Round "4.3"]
[White "Nigalidze Gaioz"]
[Black "Mchedlishvili Mikheil"]
[Result "1/2-1/2"]
[WhiteElo "2466"]
[BlackElo "2586"]
[PlyCount "32"]
[EventDate "2009.??.??"]
[SourceDate "2009.06.18"]

1. d4 Nf6 2. c4 g6 3. Nc3 d5 4. cxd5 Nxd5 5. e4 Nxc3 6. bxc3 Bg7 7. Ba3 Nd7 8.
Nf3 c5 9. Qb3 O-O 10. Be2 Qc7 11. O-O Rb8 12. e5 e6 13. Nd2 b6 14. Ne4 Bb7 15.
Nd6 Bd5 16. c4 Bc6 1/2-1/2

[Event "Tbilisi Municipality Cup"]
[Site "?"]
[Date "2009.06.18"]
[Round "4.4"]
[White "Gvetadze Sopio"]
[Black "Sanikidze Tornike"]
[Result "1/2-1/2"]
[WhiteElo "2364"]
[BlackElo "2560"]
[PlyCount "173"]
[EventDate "2009.??.??"]
[SourceDate "2009.06.18"]

1. e4 e5 2. Nf3 Nc6 3. Bb5 a6 4. Ba4 Nf6 5. Qe2 d6 6. c3 Be7 7. O-O O-O 8. d4
b5 9. Bb3 Bg4 10. Rd1 Qc8 11. a4 Qb7 12. a5 exd4 13. cxd4 Nb4 14. Nc3 c5 15.
dxc5 dxc5 16. e5 Ne8 17. Nd5 c4 18. Nxb4 Bxb4 19. Bc2 f5 20. Bd2 Be7 21. b3
cxb3 22. Bxb3+ Kh8 23. Be3 Rc8 24. Be6 Rd8 25. Bb6 Nc7 26. Bb3 Rxd1+ 27. Rxd1
Na8 28. Be3 Qc7 29. Bd2 Qc6 30. Rc1 Qb7 31. Qe3 f4 32. Qc3 Rc8 33. Qb2 Rf8 34.
Bd1 Nc7 35. Bb4 Ne6 36. Nd4 Nxd4 37. Bxg4 Rd8 38. Bxe7 Qxe7 39. e6 f3 40. gxf3
Qg5 41. Kh1 h5 42. Re1 Nc6 43. Bh3 Qf4 44. Qc3 Ne7 45. Rg1 Rd4 46. Qe3 Qf6 47.
Rg5 Rd1+ 48. Rg1 Rd5 49. f4 b4 50. f5 Rxa5 51. Qf3 Qh4 52. Qg2 Qf6 53. Qf3 Qh4
54. Qa8+ Kh7 55. Bg2 Re5 56. Qxa6 Qxf2 57. Qa1 Qxf5 58. Re1 Rxe6 59. Rf1 Qg6
60. Qb2 Nf5 61. Bh3 Ne3 62. Bxe6 Qe4+ 63. Kg1 Qg6+ 64. Kh1 Qe4+ 65. Kg1 Qg6+
66. Kh1 Qe4+ 67. Kg1 Nxf1 68. Ba2 Qf4 69. Qe2 Nd2 70. Qxh5+ Qh6 71. Qd5 Qg6+
72. Kf2 Ne4+ 73. Ke3 Nf6 74. Qc4 Qg1+ 75. Kf3 Qh1+ 76. Kg3 Qe1+ 77. Kf3 Qh1+
78. Kg3 Qe4 79. Qf7 Qe3+ 80. Kg2 Qe4+ 81. Kf2 Kh6 82. Qb3 Ng4+ 83. Kg3 Ne3 84.
Kf2 Ng4+ 85. Kg3 g5 86. Qf7 Qf4+ 87. Qxf4 1/2-1/2

[Event "Tbilisi Municipality Cup"]
[Site "?"]
[Date "2009.06.18"]
[Round "4.5"]
[White "Lomsadze Davit"]
[Black "Shanava Konstantine"]
[Result "0-1"]
[WhiteElo "2342"]
[BlackElo "2506"]
[PlyCount "100"]
[EventDate "2009.??.??"]
[SourceDate "2009.06.18"]

1. Nf3 Nf6 2. g3 b5 3. Bg2 Bb7 4. O-O e6 5. b3 c5 6. Bb2 Qb6 7. d3 d6 8. Nbd2
Be7 9. e4 Nc6 10. h3 O-O 11. Kh2 Rad8 12. Ne1 d5 13. e5 Nd7 14. f4 Nd4 15. c4
Nf5 16. Qe2 bxc4 17. dxc4 Nb8 18. g4 Nh4 19. Bh1 Nc6 20. f5 Bg5 21. Ndf3 Nxf3+
22. Nxf3 Bf4+ 23. Kg1 d4 24. Bc1 d3 25. Qf2 Bxc1 26. Raxc1 exf5 27. gxf5 Nd4
28. f6 Ne2+ 29. Kh2 Bxf3 30. Rg1 Nxg1 31. Rxg1 g6 32. Qh4 Qe6 33. Rg5 Bh5 34.
Bd5 d2 35. Qxh5 Qxe5+ 36. Rxe5 gxh5 37. Rg5+ Kh8 38. Rg1 Rxd5 39. cxd5 Rd8 40.
Rd1 Rxd5 41. Kg3 Rd4 42. Kf3 h6 43. Ke3 Kh7 44. a3 Rd8 45. Ke4 Kg6 46. Ke5 Kg5
47. a4 a5 48. h4+ Kxh4 49. Kf4 Rd4+ 50. Kf3 Kg5 0-1

[Event "Tbilisi Municipality Cup"]
[Site "?"]
[Date "2009.06.18"]
[Round "4.6"]
[White "Kotanjian Tigran"]
[Black "Javakhadze Zurab"]
[Result "1/2-1/2"]
[WhiteElo "2552"]
[BlackElo "2288"]
[PlyCount "90"]
[EventDate "2009.??.??"]

1. d4 d5 2. c4 e6 3. Nc3 Bb4 4. Nf3 Nf6 5. cxd5 exd5 6. Bg5 c6 7. Qc2 Nbd7 8.
e3 O-O 9. Bd3 h6 10. Bf4 Re8 11. h3 Qe7 12. O-O Bd6 13. Bxd6 Qxd6 14. Rab1 a5
15. a3 b5 16. Rbc1 Bb7 17. Rfe1 Rac8 18. Bf5 Rcd8 19. a4 b4 20. Nb1 Ne4 21.
Bxd7 Rxd7 22. Nbd2 Rc7 23. Nb3 Bc8 24. Nfd2 Qg6 25. Nxe4 Bf5 26. Qd1 Bxe4 27.
f3 Bf5 28. Kf2 h5 29. h4 Qf6 30. g3 g5 31. hxg5 Qxg5 32. Nxa5 h4 33. g4 h3 34.
Kg3 Rxe3 35. Rxe3 Qxe3 36. Rxc6 Rxc6 37. Nxc6 Bxg4 38. Ne7+ Qxe7 39. Kxg4 h2
40. Kh3 Qe3 41. Kxh2 Qf2+ 42. Kh3 Qxb2 43. Qg1+ Kf8 44. Qe3 Qc3 45. Qh6+ Ke8
1/2-1/2

[Event "Tbilisi Municipality Cup"]
[Site "?"]
[Date "2009.06.18"]
[Round "4.7"]
[White "Azaladze Shota"]
[Black "Jobava Baadur"]
[Result "0-1"]
[WhiteElo "2434"]
[BlackElo "2687"]
[PlyCount "184"]
[EventDate "2009.??.??"]

1. Nf3 Nf6 2. c4 e6 3. g3 d5 4. Bg2 Be7 5. O-O O-O 6. cxd5 exd5 7. d4 Bf5 8.
Nc3 c6 9. Ne5 Nbd7 10. Nxd7 Qxd7 11. Bg5 Rfe8 12. e3 Ne4 13. Nxe4 dxe4 14. Bxe7
Rxe7 15. Rc1 Bg4 16. Qa4 Bh3 17. Rc5 a6 18. Rfc1 Bxg2 19. Kxg2 Rd8 20. Qd1 Re6
21. Qg4 Qe7 22. Rg5 g6 23. a3 Kg7 24. Rgc5 Rdd6 25. h4 h6 26. b4 Qd7 27. h5 g5
28. Qf5 Qe7 29. Re5 Rxe5 30. dxe5 Re6 31. Qxe4 Rxe5 32. Qd4 Kg8 33. Rc5 Re6 34.
Qd3 Rd6 35. Qf5 Kg7 36. Re5 Qd8 37. Qe4 Kf8 38. a4 b5 39. axb5 axb5 40. Rc5 Qf6
41. g4 Re6 42. Qf3 Ke8 43. Qg3 Qd8 44. Qf3 Qd6 45. Qf5 Ke7 46. Qf3 Kf8 47. Rf5
Qe7 48. Rc5 Rf6 49. Rf5 Rxf5 50. gxf5 Qxb4 51. Qxc6 Qg4+ 52. Kf1 Qxf5 53. Qxh6+
Kg8 54. Qb6 Kh7 55. Qd4 g4 56. Kg1 Qxh5 57. Qd3+ Kg7 58. Qd4+ Kg6 59. Qd6+ f6
60. Qf8 Qd5 61. Qe8+ Kg5 62. Qe7 Qc4 63. Qg7+ Kf5 64. Qd7+ Kg6 65. Qe8+ Kg5 66.
Qd7 b4 67. Qg7+ Kf5 68. Qh7+ Ke5 69. Qe7+ Kd5 70. e4+ Qxe4 71. Qb7+ Ke5 72.
Qe7+ Kf5 73. Qh7+ Kf4 74. Qh2+ Kg5 75. Qb8 Qc4 76. Qb7 Kg6 77. Qb8 b3 78. Qe8+
Kg5 79. Qe3+ Kf5 80. Qb6 Kg6 81. Qb8 Qe6 82. Qb5 f5 83. Qb8 Qd5 84. Qb4 f4 85.
Qf8 g3 86. Qe8+ Kg5 87. Qe7+ Kg4 88. f3+ Kf5 89. Qf8+ Ke5 90. Qe7+ Kd4 91. Qb4+
Kd3 92. Qe1 Qc5+ 0-1

[Event "Tbilisi Municipality Cup"]
[Site "?"]
[Date "2009.06.18"]
[Round "4.8"]
[White "Pantsulaia Levan"]
[Black "Paichadze Luka"]
[Result "1/2-1/2"]
[WhiteElo "2581"]
[BlackElo "2410"]
[PlyCount "62"]
[EventDate "2009.??.??"]

1. d4 e6 2. Nf3 f5 3. g3 Nf6 4. Bg2 d5 5. c4 c6 6. O-O Bd6 7. Qc2 O-O 8. b3 Ne4
9. Ne5 Nd7 10. Nd3 Qe7 11. Bf4 Bxf4 12. gxf4 b6 13. f3 Nef6 14. Nc3 Ba6 15.
cxd5 Bxd3 16. Qxd3 Nxd5 17. Nxd5 exd5 18. Rac1 Rf6 19. e4 Raf8 20. Rfe1 Re6 21.
e5 Qh4 22. b4 b5 23. Qa3 Rf7 24. Qe3 Nb6 25. Bf1 Rfe7 26. Rc2 Rh6 27. Bd3 Nc4
28. Bxc4 bxc4 29. Rg2 Ree6 30. Ree2 Reg6 31. Rxg6 Rxg6+ 1/2-1/2

[Event "Tbilisi Municipality Cup"]
[Site "?"]
[Date "2009.06.18"]
[Round "4.9"]
[White "Charkhalashvili Inga"]
[Black "Neverov Valeriy"]
[Result "1/2-1/2"]
[WhiteElo "2363"]
[BlackElo "2552"]
[PlyCount "57"]
[EventDate "2009.??.??"]
[SourceDate "2009.06.18"]

1. d4 Nf6 2. Nf3 g6 3. Bf4 Bg7 4. e3 d6 5. c3 Nbd7 6. Be2 O-O 7. h3 b6 8. O-O
Bb7 9. Nbd2 e6 10. a4 a6 11. Nc4 Qe7 12. Bh2 Ne4 13. Nfd2 Nxd2 14. Nxd2 e5 15.
dxe5 dxe5 16. Bf3 Bxf3 17. Qxf3 Rad8 18. b4 Nf6 19. Qe2 e4 20. Rac1 Rd3 21. Nb1
Rfd8 22. Qa2 Qd7 23. c4 Qe7 24. a5 bxa5 25. Qxa5 c6 26. Qxa6 Qxb4 27. Qxc6 Nd7
28. c5 Bf8 29. Bd6 1/2-1/2

[Event "Tbilisi Municipality Cup"]
[Site "?"]
[Date "2009.06.18"]
[Round "4.10"]
[White "Gelazonia Parmen"]
[Black "Arutinian David"]
[Result "1/2-1/2"]
[WhiteElo "2328"]
[BlackElo "2548"]
[PlyCount "36"]
[EventDate "2009.??.??"]
[SourceDate "2009.06.18"]

1. d4 d6 2. e4 Nf6 3. Nc3 g6 4. g3 Bg7 5. Bg2 O-O 6. Nge2 e5 7. h3 c6 8. a4 a5
9. Be3 Qc7 10. O-O Na6 11. Qd2 Nb4 12. g4 b6 13. Ng3 Ba6 14. Rfe1 Rad8 15. Rad1
d5 16. exd5 Nfxd5 17. Nxd5 Nxd5 18. Bh6 exd4 1/2-1/2

[Event "Tbilisi Municipality Cup"]
[Site "?"]
[Date "2009.06.18"]
[Round "4.11"]
[White "Harutjunyan Gevorg"]
[Black "Purtseladze Maka"]
[Result "1-0"]
[WhiteElo "2504"]
[BlackElo "2327"]
[PlyCount "117"]
[EventDate "2009.??.??"]
[SourceDate "2009.06.18"]

1. e4 c6 2. d4 d5 3. Nd2 dxe4 4. Nxe4 Bf5 5. Ng3 Bg6 6. h4 h6 7. Nf3 Nd7 8. h5
Bh7 9. Bd3 Bxd3 10. Qxd3 e6 11. Bf4 Qa5+ 12. Bd2 Qc7 13. Qe2 O-O-O 14. Ne5 Nxe5
15. dxe5 Rd5 16. f4 Qb6 17. O-O-O Bc5 18. c4 Rd4 19. Ne4 Ne7 20. Bc3 Rxd1+ 21.
Rxd1 Rd8 22. Rxd8+ Kxd8 23. Qd2+ Ke8 24. Ba5 Be3 25. Bxb6 Bxd2+ 26. Kxd2 axb6
27. Nd6+ Kf8 28. Nxb7 c5 29. g4 f5 30. exf6 gxf6 31. Nd8 e5 32. fxe5 fxe5 33.
Ke3 Kg7 34. Ke4 Kf6 35. b3 Nc8 36. Nc6 Nd6+ 37. Kf3 Ke6 38. Na7 Kf6 39. Nb5 Nc8
40. Nc3 Kg5 41. Ne4+ Kh4 42. Nf6 Kg5 43. Nd7 e4+ 44. Kg3 Nd6 45. Nf8 Kf6 46.
Kf4 Ke7 47. Ng6+ Kf6 48. a4 Nb7 49. Nh4 e3 50. Nf3 e2 51. Ke3 e1=Q+ 52. Nxe1
Kg5 53. Kf3 Na5 54. Nd3 Nxb3 55. Ne5 Nd2+ 56. Ke3 Nb1 57. Kd3 Kf4 58. Nd7 Kxg4
59. Nxb6 1-0

[Event "Tbilisi Municipality Cup"]
[Site "?"]
[Date "2009.06.18"]
[Round "4.12"]
[White "Mgeladze Tamaz"]
[Black "Margvelashvili Giorgi"]
[Result "0-1"]
[WhiteElo "2303"]
[BlackElo "2491"]
[PlyCount "86"]
[EventDate "2009.??.??"]
[SourceDate "2009.06.18"]

1. c4 f5 2. g3 Nf6 3. Nf3 g6 4. Bg2 Bg7 5. O-O O-O 6. Nc3 d6 7. d3 e5 8. Rb1 h6
9. b4 Nc6 10. b5 Ne7 11. a4 Be6 12. a5 b6 13. Ne1 Rc8 14. Nc2 g5 15. Nb4 Qe8
16. Ba3 f4 17. Ne4 Qh5 18. Nc6 Nxc6 19. bxc6 Nxe4 20. Bxe4 Bh3 21. Re1 Rf6 22.
Bf3 Bg4 23. Bd5+ Kh8 24. gxf4 Rxf4 25. f3 Bh3 26. e3 Rf6 27. Kh1 g4 28. f4 exf4
29. exf4 Rxf4 30. Qd2 Rcf8 31. Bb2 Qg5 32. axb6 axb6 33. Bxg7+ Qxg7 34. Re8
Rxe8 35. Qxf4 Rf8 36. Qe3 Qf6 37. Rg1 h5 38. Qc1 Re8 39. Qa1 Kg7 40. Qc1 Re5
41. Qd1 Qf2 42. Qa1 Kh7 43. Qa8 Rxd5 0-1